[Event "Wroclaw"]
[Site "?"]
[Date "2020.08.25"]
[Round "5.6"]
[White "Bojczewski, Mateusz"]
[Black "Nowak, Mikolaj"]
[Result "0-1"]
[BlackElo "2200"]
[WhiteElo "1706"]
[LiveChessVersion "1.4.8"]

1. e4 {[%clk 0:15:16]} Nc6 {[%clk 0:15:19]} 2. d4 {[%clk 0:15:23]} d5
{[%clk 0:15:27]} 3. exd5 {[%clk 0:15:13]} Qxd5 {[%clk 0:15:36]} 4. Be3
{[%clk 0:15:19]} e5 {[%clk 0:14:55]} 5. Nc3 {[%clk 0:15:03]} Bb4 {[%clk 0:14:56]}
6. Qd2 {[%clk 0:14:52]} Qa5 {[%clk 0:13:35]} 7. dxe5 {[%clk 0:13:24]} Nge7
{[%clk 0:09:50]} 8. Nge2 {[%clk 0:12:54]} Bg4 {[%clk 0:08:13]} 9. f3
{[%clk 0:12:46]} Rd8 {[%clk 0:07:15]} 10. Qc1 {[%clk 0:12:41]} Be6
{[%clk 0:07:09]} 11. a3 {[%clk 0:12:49]} Bxc3+ {[%clk 0:07:00]} 12. Nxc3
{[%clk 0:12:57]} Qxe5 {[%clk 0:06:55]} 13. Bd3 {[%clk 0:12:41]} Bf5
{[%clk 0:05:24]} 14. Ne4 {[%clk 0:10:52]} Nd5 {[%clk 0:03:51]} 15. O-O
{[%clk 0:11:00]} Nxe3 {[%clk 0:03:45]} 16. Qxe3 {[%clk 0:11:08]} O-O
{[%clk 0:03:45]} 17. Qc5 {[%clk 0:10:27]} Qxc5+ {[%clk 0:02:45]} 18. Nxc5
{[%clk 0:10:35]} Bxd3 {[%clk 0:02:52]} 19. Nxd3 {[%clk 0:10:44]} Nd4
{[%clk 0:02:51]} 20. c3 {[%clk 0:10:30]} Ne2+ {[%clk 0:02:20]} 21. Kf2
{[%clk 0:10:39]} Nxc3 {[%clk 0:02:06]} 22. bxc3 {[%clk 0:10:32]} Rxd3
{[%clk 0:02:14]} 23. Rac1 {[%clk 0:10:40]} Rfd8 {[%clk 0:02:16]} 24. Rfe1
{[%clk 0:10:45]} Kf8 {[%clk 0:02:18]} 25. Re2 {[%clk 0:10:50]} b6
{[%clk 0:02:21]} 26. Re4 {[%clk 0:10:18]} Re8 {[%clk 0:02:07]} 27. Rxe8+
{[%clk 0:10:25]} Kxe8 {[%clk 0:02:15]} 28. Ke2 {[%clk 0:10:35]} Rd6
{[%clk 0:02:15]} 29. Rb1 {[%clk 0:10:17]} Kd7 {[%clk 0:02:19]} 30. Rb4
{[%clk 0:10:15]} c5 {[%clk 0:02:07]} 31. Ra4 {[%clk 0:10:21]} a5 {[%clk 0:02:07]}
32. Rh4 {[%clk 0:10:26]} h6 {[%clk 0:01:31]} 33. Rf4 {[%clk 0:09:51]} f6
{[%clk 0:01:20]} 34. Rg4 {[%clk 0:09:22]} g5 {[%clk 0:01:26]} 35. h4
{[%clk 0:08:56]} b5 {[%clk 0:01:21]} 36. hxg5 {[%clk 0:09:04]} hxg5
{[%clk 0:01:15]} 37. f4 {[%clk 0:09:05]} Rd5 {[%clk 0:01:04]} 38. Ke3
{[%clk 0:09:13]} c4 {[%clk 0:00:50]} 39. fxg5 {[%clk 0:09:00]} Rxg5
{[%clk 0:00:42]} 40. Rf4 {[%clk 0:08:45]} Ke6 {[%clk 0:00:24]} 41. g4
{[%clk 0:08:44]} Rd5 {[%clk 0:00:28]} 42. Ke4 {[%clk 0:08:11]} Re5+
{[%clk 0:00:29]} 43. Kd4 {[%clk 0:08:10]} Rd5+ {[%clk 0:00:38]} 44. Ke4
{[%clk 0:08:19]} Rd3 {[%clk 0:00:36]} 45. Rf5 {[%clk 0:08:28]} Rxc3
{[%clk 0:00:40]} 46. Rxb5 {[%clk 0:08:36]} Rxa3 {[%clk 0:00:49]} 47. Rc5
{[%clk 0:08:40]} c3 {[%clk 0:00:40]} 48. Rc6+ {[%clk 0:08:50]} Ke7
{[%clk 0:00:41]} 49. Kd3 {[%clk 0:08:45]} Ra4 {[%clk 0:00:45]} 50. Kxc3
{[%clk 0:08:35]} Rxg4 {[%clk 0:00:52]} 51. Ra6 {[%clk 0:08:42]} a4
{[%clk 0:00:59]} 52. Ra8 {[%clk 0:08:51]} Ke6 {[%clk 0:01:04]} 53. Kd3
{[%clk 0:09:00]} Kf5 {[%clk 0:01:03]} 54. Ke3 {[%clk 0:09:09]} Re4+
{[%clk 0:00:59]} 55. Kf3 {[%clk 0:09:18]} Rh4 {[%clk 0:01:00]} 56. Ra5+
{[%clk 0:09:26]} Kg6 {[%clk 0:01:08]} 57. Kg3 {[%clk 0:09:34]} Rb4
{[%clk 0:01:13]} 58. Ra8 {[%clk 0:09:41]} Kg5 {[%clk 0:01:19]} 59. Rg8+
{[%clk 0:09:47]} Kf5 {[%clk 0:01:27]} 60. Ra8 {[%clk 0:09:54]} Rb3+
{[%clk 0:01:27]} 61. Kf2 {[%clk 0:10:03]} a3 {[%clk 0:01:35]} 62. Ra4
{[%clk 0:10:09]} Kg5 {[%clk 0:01:42]} 63. Ra8 {[%clk 0:10:15]} f5
{[%clk 0:01:49]} 64. Rg8+ {[%clk 0:10:14]} Kf4 {[%clk 0:01:55]} 65. Ra8
{[%clk 0:10:22]} Rb2+ {[%clk 0:02:04]} 66. Ke1 {[%clk 0:10:28]} a2
{[%clk 0:02:12]} 67. Ra4+ {[%clk 0:10:29]} Ke5 0-1

[Event "Wroclaw"]
[Site "?"]
[Date "2020.08.25"]
[Round "5.7"]
[White "Fus, Jakub"]
[Black "Warchol, Bartosz"]
[Result "1-0"]
[BlackElo "1704"]
[WhiteElo "2191"]
[LiveChessVersion "1.4.8"]

1. e4 {[%clk 0:15:19]} c5 {[%clk 0:15:14]} 2. Nf3 {[%clk 0:15:28]} d6
{[%clk 0:15:23]} 3. d4 {[%clk 0:15:35]} cxd4 {[%clk 0:15:31]} 4. Qxd4
{[%clk 0:15:44]} Nf6 {[%clk 0:14:29]} 5. Bb5+ {[%clk 0:15:52]} Bd7
{[%clk 0:14:21]} 6. Bxd7+ {[%clk 0:15:57]} Qxd7 {[%clk 0:14:09]} 7. Nc3
{[%clk 0:14:49]} Nc6 {[%clk 0:13:57]} 8. Qe3 {[%clk 0:14:57]} g6 {[%clk 0:13:38]}
9. O-O {[%clk 0:15:02]} Bg7 {[%clk 0:13:46]} 10. Rd1 {[%clk 0:15:03]} O-O
{[%clk 0:13:06]} 11. Nd5 {[%clk 0:14:41]} Nxd5 {[%clk 0:12:50]} 12. exd5
{[%clk 0:14:50]} Nb4 {[%clk 0:11:11]} 13. Qb3 {[%clk 0:14:55]} Na6
{[%clk 0:10:49]} 14. Be3 {[%clk 0:13:24]} Nc5 {[%clk 0:10:07]} 15. Qa3
{[%clk 0:13:29]} Rfc8 {[%clk 0:07:36]} 16. Bd4 {[%clk 0:13:17]} Rc7
{[%clk 0:05:31]} 17. Bxg7 {[%clk 0:13:24]} Kxg7 {[%clk 0:05:39]} 18. Qc3+
{[%clk 0:13:33]} Kg8 {[%clk 0:05:29]} 19. Rd4 {[%clk 0:11:37]} Ne4
{[%clk 0:03:23]} 20. Qd3 {[%clk 0:11:03]} f5 {[%clk 0:03:29]} 21. Nd2
{[%clk 0:10:42]} Rac8 {[%clk 0:03:17]} 22. c3 {[%clk 0:10:29]} Nxd2
{[%clk 0:02:36]} 23. Qxd2 {[%clk 0:10:38]} Qb5 {[%clk 0:02:38]} 24. Re1
{[%clk 0:10:39]} Qe8 {[%clk 0:01:51]} 25. Re6 {[%clk 0:10:09]} Qf7
{[%clk 0:00:56]} 26. Qe2 {[%clk 0:10:10]} Rd7 {[%clk 0:01:00]} 27. h4
{[%clk 0:10:17]} Rc5 {[%clk 0:01:00]} 28. h5 {[%clk 0:09:10]} Kg7
{[%clk 0:00:56]} 29. Qe3 {[%clk 0:09:05]} b5 {[%clk 0:00:45]} 30. hxg6
{[%clk 0:09:06]} hxg6 {[%clk 0:00:50]} 31. Rh4 {[%clk 0:09:10]} Qg8
{[%clk 0:00:18]} 32. Rxe7+ {[%clk 0:09:11]} 1-0

[Event "Wroclaw"]
[Site "?"]
[Date "2020.08.25"]
[Round "5.8"]
[White "Jagura Norbert"]
[Black "Kokoszczynski, Jan"]
[Result "1-0"]
[BlackElo "2013"]
[WhiteElo "1600"]
[LiveChessVersion "1.4.8"]

1. e4 {[%clk 0:15:18]} c6 {[%clk 0:15:20]} 2. d4 {[%clk 0:15:22]} d5
{[%clk 0:15:28]} 3. exd5 {[%clk 0:15:30]} cxd5 {[%clk 0:15:37]} 4. Nf3
{[%clk 0:15:36]} Nf6 {[%clk 0:15:25]} 5. Be2 {[%clk 0:15:22]} Nc6
{[%clk 0:15:32]} 6. O-O {[%clk 0:15:29]} Bg4 {[%clk 0:15:37]} 7. c3
{[%clk 0:15:27]} e6 {[%clk 0:15:45]} 8. Ne5 {[%clk 0:15:22]} Bxe2
{[%clk 0:15:32]} 9. Qxe2 {[%clk 0:15:29]} Bd6 {[%clk 0:15:41]} 10. Nd3
{[%clk 0:13:50]} Qc7 {[%clk 0:15:35]} 11. h3 {[%clk 0:13:29]} O-O
{[%clk 0:15:18]} 12. Nd2 {[%clk 0:12:53]} Rae8 {[%clk 0:14:55]} 13. Nf3
{[%clk 0:10:54]} Nd7 {[%clk 0:14:27]} 14. Be3 {[%clk 0:10:28]} f6
{[%clk 0:14:20]} 15. Rfd1 {[%clk 0:09:33]} e5 {[%clk 0:14:11]} 16. dxe5
{[%clk 0:09:15]} fxe5 {[%clk 0:14:19]} 17. Nde1 {[%clk 0:08:54]} Nf6
{[%clk 0:14:19]} 18. Bg5 {[%clk 0:07:59]} Ne7 {[%clk 0:12:15]} 19. Bxf6
{[%clk 0:06:35]} Rxf6 {[%clk 0:12:09]} 20. Nc2 {[%clk 0:06:07]} Ref8
{[%clk 0:11:51]} 21. Rf1 {[%clk 0:05:04]} Ng6 {[%clk 0:10:23]} 22. Nh2
{[%clk 0:04:26]} Nf4 {[%clk 0:10:01]} 23. Qd2 {[%clk 0:03:17]} Rg6
{[%clk 0:09:54]} 24. Ne3 {[%clk 0:02:37]} Qc6 {[%clk 0:09:12]} 25. Rad1
{[%clk 0:01:56]} d4 {[%clk 0:07:55]} 26. Nhg4 {[%clk 0:00:46]} dxe3
{[%clk 0:03:35]} 27. fxe3 {[%clk 0:00:53]} Bc5 {[%clk 0:03:43]} 28. Rf3
{[%clk 0:00:19]} Nxh3+ {[%clk 0:01:35]} 29. Rxh3 {[%clk 0:00:18]} Rxg4
{[%clk 0:01:43]} 30. Qe2 {[%clk 0:00:15]} Rg5 {[%clk 0:00:47]} 31. Qc4+
{[%clk 0:00:18]} Kh8 {[%clk 0:00:55]} 32. Qe2 {[%clk 0:00:13]} h6
{[%clk 0:01:02]} 33. b4 {[%clk 0:00:21]} Bb6 {[%clk 0:01:10]} 34. c4
{[%clk 0:00:29]} Rf6 {[%clk 0:00:49]} 35. c5 {[%clk 0:00:33]} Rfg6
{[%clk 0:00:56]} 36. Rh2 {[%clk 0:00:25]} Bc7 {[%clk 0:01:05]} 37. e4
{[%clk 0:00:26]} a5 {[%clk 0:01:09]} 38. a3 {[%clk 0:00:31]} Rg4 {[%clk 0:01:13]}
39. Rd5 {[%clk 0:00:36]} axb4 {[%clk 0:00:59]} 40. axb4 {[%clk 0:00:41]} Qa4
{[%clk 0:01:05]} 41. Qe1 {[%clk 0:00:20]} Qc2 {[%clk 0:01:06]} 42. Rd2
{[%clk 0:00:14]} Qxe4 {[%clk 0:01:01]} 43. Qxe4 {[%clk 0:00:23]} Rxe4
{[%clk 0:01:10]} 44. Rd7 {[%clk 0:00:31]} Rc6 {[%clk 0:01:19]} 45. Rh3
{[%clk 0:00:24]} Rxb4 {[%clk 0:00:29]} 46. Rg3 {[%clk 0:00:29]} Rb1+
{[%clk 0:00:20]} 47. Kf2 {[%clk 0:00:31]} Rf6+ {[%clk 0:00:17]} 48. Ke2
{[%clk 0:00:36]} Rb2+ {[%clk 0:00:27]} 49. Rd2 {[%clk 0:00:12]} Rxd2+
{[%clk 0:00:35]} 50. Kxd2 {[%clk 0:00:21]} Rc6 {[%clk 0:00:42]} 1-0

[Event "Wroclaw"]
[Site "?"]
[Date "2020.08.25"]
[Round "5.9"]
[White "Sanz Wawer, Daniel"]
[Black "Wierzbicki, Michal"]
[Result "1-0"]
[BlackElo "1700"]
[WhiteElo "2220"]
[LiveChessVersion "1.4.8"]

1. d4 {[%clk 0:15:18]} Nf6 {[%clk 0:15:19]} 2. c4 {[%clk 0:15:27]} e6
{[%clk 0:15:28]} 3. Nc3 {[%clk 0:15:36]} Bb4 {[%clk 0:15:37]} 4. Qc2
{[%clk 0:15:45]} c5 {[%clk 0:15:46]} 5. dxc5 {[%clk 0:15:53]} O-O
{[%clk 0:15:48]} 6. Nf3 {[%clk 0:15:39]} Na6 {[%clk 0:15:36]} 7. g3
{[%clk 0:13:45]} Nxc5 {[%clk 0:15:29]} 8. Bd2 {[%clk 0:13:39]} b6
{[%clk 0:12:37]} 9. Bg2 {[%clk 0:13:46]} Bb7 {[%clk 0:12:46]} 10. O-O
{[%clk 0:13:18]} Bxc3 {[%clk 0:11:52]} 11. Bxc3 {[%clk 0:13:22]} Nfe4
{[%clk 0:10:03]} 12. Bd4 {[%clk 0:10:01]} a5 {[%clk 0:09:58]} 13. Rfd1
{[%clk 0:09:26]} Qe7 {[%clk 0:09:16]} 14. Nd2 {[%clk 0:08:16]} Nd6
{[%clk 0:07:45]} 15. Bxb7 {[%clk 0:07:50]} Ndxb7 {[%clk 0:07:51]} 16. b3
{[%clk 0:06:46]} Rfd8 {[%clk 0:07:25]} 17. a3 {[%clk 0:06:38]} e5
{[%clk 0:04:47]} 18. Be3 {[%clk 0:05:49]} d6 {[%clk 0:04:04]} 19. Nb1
{[%clk 0:03:26]} a4 {[%clk 0:02:44]} 20. b4 {[%clk 0:03:34]} Nb3 {[%clk 0:02:19]}
21. Ra2 {[%clk 0:03:44]} Qc7 {[%clk 0:01:55]} 22. Qe4 {[%clk 0:01:33]} f5
{[%clk 0:00:17]} 23. Qxf5 {[%clk 0:00:54]} Qxc4 {[%clk 0:00:25]} 24. Rc2
{[%clk 0:00:55]} Qb5 {[%clk 0:00:15]} 25. Rc7 {[%clk 0:00:54]} Rf8
{[%clk 0:00:22]} 26. Qe6+ {[%clk 0:00:49]} Kh8 {[%clk 0:00:31]} 27. Qe7
{[%clk 0:00:39]} Rg8 {[%clk 0:00:34]} 28. Bh6 {[%clk 0:00:33]} 1-0

[Event "Wroclaw"]
[Site "?"]
[Date "2020.08.25"]
[Round "5.10"]
[White "Rogala, Milosz"]
[Black "Pacan-Milej, Kosma"]
[Result "1-0"]
[BlackElo "2118"]
[WhiteElo "1668"]
[LiveChessVersion "1.4.8"]

1. e4 {[%clk 0:15:17]} c5 {[%clk 0:15:18]} 2. Nf3 {[%clk 0:15:20]} Nc6
{[%clk 0:15:26]} 3. d4 {[%clk 0:15:25]} cxd4 {[%clk 0:15:33]} 4. Nxd4
{[%clk 0:15:33]} Nf6 {[%clk 0:15:39]} 5. Nc3 {[%clk 0:15:40]} e5 {[%clk 0:15:47]}
6. Ndb5 {[%clk 0:15:42]} d6 {[%clk 0:15:54]} 7. Bg5 {[%clk 0:14:51]} a6
{[%clk 0:16:01]} 8. Na3 {[%clk 0:15:00]} b5 {[%clk 0:16:08]} 9. Nd5
{[%clk 0:15:08]} Be7 {[%clk 0:16:16]} 10. Bxf6 {[%clk 0:15:13]} Bxf6
{[%clk 0:16:23]} 11. c3 {[%clk 0:15:06]} Rb8 {[%clk 0:16:31]} 12. Nc2
{[%clk 0:14:33]} Bg5 {[%clk 0:16:38]} 13. Be2 {[%clk 0:13:34]} O-O
{[%clk 0:16:40]} 14. O-O {[%clk 0:13:37]} Be6 {[%clk 0:16:19]} 15. Nce3
{[%clk 0:13:32]} Bxe3 {[%clk 0:15:53]} 16. Nxe3 {[%clk 0:11:28]} a5
{[%clk 0:15:37]} 17. Qd2 {[%clk 0:10:14]} Ne7 {[%clk 0:13:04]} 18. Rfd1
{[%clk 0:08:59]} Rb6 {[%clk 0:13:03]} 19. c4 {[%clk 0:07:24]} bxc4
{[%clk 0:12:10]} 20. Bxc4 {[%clk 0:06:44]} a4 {[%clk 0:09:42]} 21. Bxe6
{[%clk 0:05:37]} fxe6 {[%clk 0:09:50]} 22. Nc4 {[%clk 0:05:45]} Ra6
{[%clk 0:09:20]} 23. Nxd6 {[%clk 0:04:33]} Nc6 {[%clk 0:07:55]} 24. Nc4
{[%clk 0:04:17]} Qf6 {[%clk 0:07:25]} 25. Ne3 {[%clk 0:03:04]} Raa8
{[%clk 0:06:46]} 26. f3 {[%clk 0:02:28]} Qg6 {[%clk 0:05:36]} 27. Kh1
{[%clk 0:01:39]} h5 {[%clk 0:03:25]} 28. Qd6 {[%clk 0:01:39]} Rac8
{[%clk 0:02:40]} 29. Rac1 {[%clk 0:01:45]} Nd4 {[%clk 0:01:41]} 30. Rxc8
{[%clk 0:01:43]} Rxc8 {[%clk 0:01:49]} 31. Qxe5 {[%clk 0:01:52]} Ne2
{[%clk 0:01:56]} 32. Qd6 {[%clk 0:01:47]} Kh7 {[%clk 0:01:22]} 33. Qa6
{[%clk 0:01:33]} 1-0

[Event "Wroclaw"]
[Site "?"]
[Date "2020.08.25"]
[Round "5.11"]
[White "Majocha, Piotr"]
[Black "Lewandowski, Wiktor"]
[Result "1-0"]
[BlackElo "1604"]
[WhiteElo "1822"]
[LiveChessVersion "1.4.8"]

1. c4 {[%clk 0:15:19]} c5 {[%clk 0:15:19]} 2. Nc3 {[%clk 0:15:28]} Nc6
{[%clk 0:15:29]} 3. g3 {[%clk 0:15:37]} e5 {[%clk 0:15:38]} 4. Bg2
{[%clk 0:15:46]} g6 {[%clk 0:15:46]} 5. Nf3 {[%clk 0:15:53]} Bg7 {[%clk 0:15:55]}
6. O-O {[%clk 0:16:00]} Nge7 {[%clk 0:16:04]} 7. d3 {[%clk 0:16:07]} O-O
{[%clk 0:16:11]} 8. a3 {[%clk 0:16:01]} d6 {[%clk 0:16:13]} 9. Rb1
{[%clk 0:16:06]} a5 {[%clk 0:15:58]} 10. Ne1 {[%clk 0:15:56]} Be6
{[%clk 0:16:06]} 11. Nc2 {[%clk 0:16:04]} d5 {[%clk 0:16:00]} 12. cxd5
{[%clk 0:16:12]} Nxd5 {[%clk 0:16:08]} 13. Ne3 {[%clk 0:16:03]} Nxc3
{[%clk 0:15:12]} 14. bxc3 {[%clk 0:16:12]} Qc7 {[%clk 0:15:17]} 15. c4
{[%clk 0:15:54]} Rab8 {[%clk 0:14:58]} 16. Nd5 {[%clk 0:15:54]} Bxd5
{[%clk 0:15:03]} 17. Bxd5 {[%clk 0:16:02]} Nd4 {[%clk 0:14:35]} 18. Bb2
{[%clk 0:15:03]} b6 {[%clk 0:14:39]} 19. e3 {[%clk 0:14:45]} Nf5 {[%clk 0:13:59]}
20. Qc2 {[%clk 0:13:27]} Rfd8 {[%clk 0:13:38]} 21. e4 {[%clk 0:12:51]} Nd4
{[%clk 0:13:35]} 22. Bxd4 {[%clk 0:12:59]} exd4 {[%clk 0:13:29]} 23. f4
{[%clk 0:12:49]} Qd7 {[%clk 0:12:44]} 24. a4 {[%clk 0:12:20]} Kh8
{[%clk 0:10:40]} 25. e5 {[%clk 0:12:07]} h5 {[%clk 0:09:32]} 26. h4
{[%clk 0:11:51]} Re8 {[%clk 0:09:15]} 27. Rbe1 {[%clk 0:11:49]} Re7
{[%clk 0:08:10]} 28. Kh2 {[%clk 0:10:57]} f5 {[%clk 0:06:44]} 29. Rb1
{[%clk 0:10:10]} Qd8 {[%clk 0:06:01]} 30. Rb5 {[%clk 0:10:11]} Bf8
{[%clk 0:05:28]} 31. Qb2 {[%clk 0:10:05]} Ra7 {[%clk 0:05:37]} 32. Rb1
{[%clk 0:09:47]} Ra6 {[%clk 0:05:46]} 33. Qg2 {[%clk 0:09:09]} Be7
{[%clk 0:05:46]} 34. Bb7 {[%clk 0:08:19]} Ra7 {[%clk 0:05:00]} 35. Rxb6
{[%clk 0:08:27]} Qd7 {[%clk 0:04:41]} 36. Bc6 {[%clk 0:07:56]} Rxb6
{[%clk 0:04:38]} 37. Rxb6 {[%clk 0:08:04]} Qd8 {[%clk 0:04:08]} 38. Rb5
{[%clk 0:07:59]} Kg7 {[%clk 0:02:53]} 39. Kh3 {[%clk 0:07:02]} Rc7
{[%clk 0:02:44]} 40. Bd5 {[%clk 0:06:44]} Rc8 {[%clk 0:02:44]} 41. Qb2
{[%clk 0:06:49]} Qc7 {[%clk 0:01:52]} 42. Rb7 {[%clk 0:06:42]} Qd8
{[%clk 0:01:59]} 43. Qb5 {[%clk 0:06:27]} Kh6 {[%clk 0:00:50]} 44. Rb6
{[%clk 0:06:18]} Bf8 {[%clk 0:00:13]} 45. Qa6 {[%clk 0:05:15]} Qe8
{[%clk 0:00:03]} 46. Bf7 {[%clk 0:04:42]} 1-0

[Event "Wroclaw"]
[Site "?"]
[Date "2020.08.25"]
[Round "6.1"]
[White "Psyk, Radoslaw"]
[Black "Teclaf, Pawel"]
[Result "0-1"]
[BlackElo "2382"]
[WhiteElo "2236"]
[LiveChessVersion "1.4.8"]

1. e4 {[%clk 0:15:18]} c5 {[%clk 0:15:14]} 2. Nc3 {[%clk 0:15:27]} a6
{[%clk 0:15:22]} 3. g3 {[%clk 0:15:33]} b5 {[%clk 0:15:30]} 4. Bg2
{[%clk 0:15:41]} Bb7 {[%clk 0:15:39]} 5. Nh3 {[%clk 0:15:31]} e6 {[%clk 0:15:35]}
6. O-O {[%clk 0:15:03]} Nf6 {[%clk 0:15:33]} 7. d3 {[%clk 0:14:34]} d5
{[%clk 0:15:30]} 8. e5 {[%clk 0:14:34]} Nfd7 {[%clk 0:15:19]} 9. f4
{[%clk 0:14:35]} g6 {[%clk 0:15:03]} 10. g4 {[%clk 0:11:46]} Bg7 {[%clk 0:14:29]}
11. f5 {[%clk 0:09:22]} Nxe5 {[%clk 0:14:22]} 12. fxe6 {[%clk 0:08:29]} fxe6
{[%clk 0:14:31]} 13. Bg5 {[%clk 0:06:38]} Qd6 {[%clk 0:14:34]} 14. Qe2
{[%clk 0:06:19]} Nbd7 {[%clk 0:14:19]} 15. Rae1 {[%clk 0:05:15]} h6
{[%clk 0:14:07]} 16. Bh4 {[%clk 0:05:15]} g5 {[%clk 0:13:59]} 17. Bg3
{[%clk 0:05:25]} Qe7 18. Nd1 {[%clk 0:04:21]} O-O-O {[%clk 0:13:22]} 19. c3
{[%clk 0:03:43]} Rhf8 {[%clk 0:13:18]} 20. Rxf8 Rxf8 {[%clk 0:13:25]} 21. Nhf2
{[%clk 0:02:05]} Qf6 {[%clk 0:12:36]} 22. d4 {[%clk 0:01:37]} cxd4
{[%clk 0:12:40]} 23. cxd4 Nc6 {[%clk 0:12:42]} 24. Ne3 {[%clk 0:01:02]} Qxd4
{[%clk 0:12:46]} 25. Rc1 {[%clk 0:00:42]} Qxb2 {[%clk 0:12:42]} 26. Qe1
{[%clk 0:00:35]} Bd4 {[%clk 0:12:26]} 27. Rc2 {[%clk 0:00:29]} Qa3
{[%clk 0:12:33]} 28. Nxd5 exd5 {[%clk 0:11:56]} 29. Bxd5 {[%clk 0:00:22]} Bxf2+
{[%clk 0:09:48]} 30. Rxf2 {[%clk 0:00:31]} Qc5 {[%clk 0:09:51]} 31. Qe4
{[%clk 0:00:15]} Nd8 {[%clk 0:09:12]} 32. Bxb7+ {[%clk 0:00:17]} Nxb7
{[%clk 0:09:21]} 33. Kg2 {[%clk 0:00:14]} Rxf2+ {[%clk 0:09:08]} 34. Bxf2
{[%clk 0:00:23]} Qc4 {[%clk 0:09:16]} 35. Qe8+ {[%clk 0:00:27]} Nd8
{[%clk 0:09:25]} 36. h3 {[%clk 0:00:27]} Qe6 {[%clk 0:09:19]} 37. Qh8
{[%clk 0:00:31]} Qf6 {[%clk 0:09:27]} 38. Qh7 {[%clk 0:00:31]} Qc6+
{[%clk 0:09:26]} 39. Kg1 {[%clk 0:00:38]} Kb7 {[%clk 0:09:30]} 40. Qe7
{[%clk 0:00:39]} Ne6 {[%clk 0:09:32]} 41. Be3 {[%clk 0:00:15]} Nf4
{[%clk 0:09:39]} 42. Bxf4 {[%clk 0:00:14]} gxf4 {[%clk 0:09:48]} 43. h4
{[%clk 0:00:22]} Qc5+ {[%clk 0:09:50]} 0-1

[Event "Wroclaw"]
[Site "?"]
[Date "2020.08.25"]
[Round "6.2"]
[White "Godzwon, Iwo"]
[Black "Mis, Mieszko"]
[Result "1/2-1/2"]
[BlackElo "2258"]
[WhiteElo "2278"]
[LiveChessVersion "1.4.8"]

1. e4 {[%clk 0:15:19]} d6 {[%clk 0:15:19]} 2. d4 {[%clk 0:15:27]} Nf6
{[%clk 0:15:27]} 3. Nc3 {[%clk 0:15:36]} e5 {[%clk 0:15:36]} 4. Nf3
{[%clk 0:15:45]} Nbd7 {[%clk 0:15:44]} 5. Bc4 {[%clk 0:15:52]} Be7
{[%clk 0:15:53]} 6. O-O {[%clk 0:15:59]} O-O {[%clk 0:16:00]} 7. Re1
{[%clk 0:15:32]} c6 {[%clk 0:16:05]} 8. a4 {[%clk 0:15:41]} a5 {[%clk 0:16:14]}
9. Bb3 {[%clk 0:15:19]} h6 {[%clk 0:15:55]} 10. h3 {[%clk 0:15:24]} Re8
{[%clk 0:15:54]} 11. dxe5 {[%clk 0:13:55]} dxe5 {[%clk 0:15:52]} 12. Be3
{[%clk 0:14:04]} Bb4 {[%clk 0:15:15]} 13. Nh4 {[%clk 0:12:50]} Bxc3
{[%clk 0:09:17]} 14. bxc3 {[%clk 0:12:59]} Nxe4 {[%clk 0:08:26]} 15. Qh5
{[%clk 0:13:08]} Qf6 {[%clk 0:07:35]} 16. Bxh6 {[%clk 0:05:16]} Qxf2+
{[%clk 0:06:17]} 17. Kh2 {[%clk 0:05:25]} Qg3+ {[%clk 0:05:23]} 18. Kg1
{[%clk 0:05:32]} Qf2+ {[%clk 0:05:19]} 19. Kh2 {[%clk 0:05:41]} Qg3+
{[%clk 0:04:59]} 1/2-1/2

[Event "Wroclaw"]
[Site "?"]
[Date "2020.08.25"]
[Round "6.3"]
[White "Nowak, Mikolaj"]
[Black "Kozak, Antoni"]
[Result "1-0"]
[BlackElo "2270"]
[WhiteElo "2200"]
[LiveChessVersion "1.4.8"]

1. d4 {[%clk 0:15:19]} d5 {[%clk 0:15:18]} 2. Bf4 {[%clk 0:15:21]} c5
{[%clk 0:15:27]} 3. e3 {[%clk 0:15:25]} cxd4 {[%clk 0:15:35]} 4. exd4
{[%clk 0:15:32]} Nc6 {[%clk 0:15:43]} 5. c3 {[%clk 0:15:31]} f6 {[%clk 0:15:52]}
6. Nf3 {[%clk 0:14:46]} g5 {[%clk 0:16:00]} 7. Bg3 {[%clk 0:14:27]} h5
{[%clk 0:15:58]} 8. h4 {[%clk 0:14:29]} g4 {[%clk 0:16:06]} 9. Ng1
{[%clk 0:13:10]} Nh6 {[%clk 0:15:45]} 10. Bd3 {[%clk 0:13:04]} Bf5
{[%clk 0:15:43]} 11. Ne2 {[%clk 0:12:52]} e5 {[%clk 0:15:04]} 12. O-O
{[%clk 0:10:44]} Qb6 {[%clk 0:14:54]} 13. b4 {[%clk 0:08:50]} Bxd3
{[%clk 0:14:20]} 14. Qxd3 {[%clk 0:08:57]} e4 {[%clk 0:14:24]} 15. Qc2
{[%clk 0:07:52]} Nf5 {[%clk 0:14:21]} 16. Nd2 {[%clk 0:07:44]} a5
{[%clk 0:13:47]} 17. Nf4 {[%clk 0:07:09]} Nce7 {[%clk 0:13:18]} 18. Nxd5
{[%clk 0:05:32]} Nxd5 {[%clk 0:13:26]} 19. Qxe4+ {[%clk 0:05:37]} Nde7
{[%clk 0:13:17]} 20. Rfe1 {[%clk 0:05:03]} axb4 {[%clk 0:12:28]} 21. Qxf5
{[%clk 0:04:37]} Kf7 {[%clk 0:12:36]} 22. Qb1 {[%clk 0:04:12]} Nd5
{[%clk 0:12:02]} 23. Qb3 {[%clk 0:03:32]} Qc6 {[%clk 0:12:10]} 24. c4
{[%clk 0:03:23]} Nc3 {[%clk 0:12:17]} 25. c5+ {[%clk 0:03:17]} Nd5
{[%clk 0:11:44]} 26. Nc4 {[%clk 0:03:16]} Kg7 27. a3 {[%clk 0:03:09]} bxa3
{[%clk 0:09:59]} 28. Rxa3 {[%clk 0:03:17]} Rxa3 {[%clk 0:10:08]} 29. Nxa3
{[%clk 0:03:19]} Be7 {[%clk 0:10:13]} 30. Nc4 {[%clk 0:03:17]} Ra8
{[%clk 0:09:56]} 31. Nb6 {[%clk 0:03:10]} Nxb6 {[%clk 0:10:05]} 32. Rxe7+
{[%clk 0:03:18]} Kf8 {[%clk 0:10:14]} 33. Qf7# {[%clk 0:15:10]} 1-0

[Event "Wroclaw"]
[Site "?"]
[Date "2020.08.25"]
[Round "6.4"]
[White "Szpar, Milosz"]
[Black "Fus, Jakub"]
[Result "0-1"]
[BlackElo "2191"]
[WhiteElo "2262"]
[LiveChessVersion "1.4.8"]

1. e4 e5 2. Nf3 Nc6 3. Bb5 a6 4. Ba4 d6 5. c3 Bd7 6. O-O g6 7. d4 Bg7 8. Re1 Nf6
9. Nbd2 O-O 10. Bc2 Qe7 11. h3 Rfe8 12. Nf1 Qf8 13. Ng3 Rad8 14. d5 Ne7 15. c4
Kh8 16. c5 Nfg8 17. cxd6 cxd6 18. Bd2 f5 19. exf5 gxf5 20. Bb4 Ng6 21. Ng5 e4 22.
Bxd6 Qf6 23. h4 Nh6 24. Bc7 Nxh4 25. Bxd8 Rxd8 26. Nh3 Rg8 27. Nh5 Qd6 28. Kh1
Ng4 29. g3 Bxb2 30. N5f4 Nf3 31. Re2 Be5 32. Kg2 Qh6 33. Qh1 Bb5 34. Rae1 Ngh2
35. Rxe4 fxe4 36. Rxe4 Bf1+ 0-1

[Event "Wroclaw"]
[Site "?"]
[Date "2020.08.25"]
[Round "6.5"]
[White "Kokoszczynski, Jan"]
[Black "Golenia, Jan"]
[Result "1/2-1/2"]
[BlackElo "2033"]
[WhiteElo "2013"]
[LiveChessVersion "1.4.8"]

1. d4 e6 2. c4 b6 3. Nc3 Bb7 4. Nf3 Nf6 5. a3 Be7 6. Qc2 d5 7. cxd5 exd5 8. g3
O-O 9. Bg2 c5 10. O-O Nc6 11. Rd1 Rc8 12. Qa4 c4 13. Ne5 Na5 14. Qc2 Nb3 15. Rb1
Nxc1 16. Rbxc1 Bd6 17. Qf5 Qe7 18. Ng4 Nxg4 19. Qxg4 Qe6 20. Qxe6 fxe6 21. e4
dxe4 22. Nxe4 Bxe4 23. Bxe4 c3 24. Rxc3 Rxc3 25. bxc3 Bxa3 26. Ra1 Bb2 27. Rxa7
Bxc3 28. Rd7 b5 1/2-1/2